Design life of buildings (Record no. 95477)

MARC details
000 -LEADER
fixed length control field 02865cam a2200721 4500
001 - CONTROL NUMBER
control field D3158
008 - FIXED-LENGTH DATA ELEMENTS--GENERAL INFORMATION
fixed length control field 090401t1985 xxu||||| |||| 00| 0 eng d
020 ## - INTERNATIONAL STANDARD BOOK NUMBER
International Standard Book Number 0727702378
035 ## - SYSTEM CONTROL NUMBER
System control number (Sirsi) u72046
041 ## - LANGUAGE CODE
Language code of text/sound track or separate title eng
050 ## - LIBRARY OF CONGRESS CALL NUMBER
Classification number 624.171
-- 18
245 ## - TITLE STATEMENT
Title Design life of buildings
Remainder of title proceedings of a symposium organised by the Institution of Civil Engineers in association with the Concrete Society and the Royal Institute of British Architects, held at the Institution of Civil Engineers, 26-27 November 1984
260 ## - PUBLICATION, DISTRIBUTION, ETC.
Place of publication, distribution, etc. London
Name of publisher, distributor, etc. Thomas Telford
Date of publication, distribution, etc. 1985
300 ## - PHYSICAL DESCRIPTION
Extent 284p.
Other physical details ill.
Dimensions 24cm
350 ## - PRICE (NR) (BK AM CF MU VM SE) [OBSOLETE]
Price 16
505 ## - FORMATTED CONTENTS NOTE
Formatted contents note Durability and design life: the breadth of the subject
505 ## - FORMATTED CONTENTS NOTE
Formatted contents note Some factors affecting the durability of buildings, with particular emphasis on parking structures
505 ## - FORMATTED CONTENTS NOTE
Formatted contents note A case study to illustrate design and construction factors affecting the durability of concrete structures
505 ## - FORMATTED CONTENTS NOTE
Formatted contents note The CLASP experience
505 ## - FORMATTED CONTENTS NOTE
Formatted contents note Considerations in design of prestressed concrete members effecting their durability
505 ## - FORMATTED CONTENTS NOTE
Formatted contents note Durability: who really cares?
505 ## - FORMATTED CONTENTS NOTE
Formatted contents note Root causes of degradation
505 ## - FORMATTED CONTENTS NOTE
Formatted contents note The high endurance of the masonry structure
505 ## - FORMATTED CONTENTS NOTE
Formatted contents note Designing and detailing for blast
505 ## - FORMATTED CONTENTS NOTE
Formatted contents note Short life structures
505 ## - FORMATTED CONTENTS NOTE
Formatted contents note Building problems and design consdierations: the commercial developer's viewpoint
505 ## - FORMATTED CONTENTS NOTE
Formatted contents note Materials: long term behaviour
505 ## - FORMATTED CONTENTS NOTE
Formatted contents note Design performance and durability of GRC panels
505 ## - FORMATTED CONTENTS NOTE
Formatted contents note Durability of brick and block masonry: plain and reinforced
505 ## - FORMATTED CONTENTS NOTE
Formatted contents note Surface treatment and protection
505 ## - FORMATTED CONTENTS NOTE
Formatted contents note The consequences of poylmer-concrete mismatch
505 ## - FORMATTED CONTENTS NOTE
Formatted contents note The inter-relationship between research, durability and design life
505 ## - FORMATTED CONTENTS NOTE
Formatted contents note The impact of research on the use of corrosion-resisting alloys in construction
505 ## - FORMATTED CONTENTS NOTE
Formatted contents note The interdependance of research, durability and structural design: concrete
505 ## - FORMATTED CONTENTS NOTE
Formatted contents note Steel: frames, flooringg and cladding
505 ## - FORMATTED CONTENTS NOTE
Formatted contents note The design of timber structures: a review of recent developments
690 ## - LOCAL SUBJECT ADDED ENTRY--TOPICAL TERM (OCLC, RLIN)
Topical term or geographic name as entry element BUILT ENVIRONMENT-BUILDING PATHOLOGY
700 ## - ADDED ENTRY--PERSONAL NAME
Personal name Sutherland, R. J. M
700 ## - ADDED ENTRY--PERSONAL NAME
Personal name Hill, J. D.
700 ## - ADDED ENTRY--PERSONAL NAME
Personal name West, R.
700 ## - ADDED ENTRY--PERSONAL NAME
Personal name Bell, S.
700 ## - ADDED ENTRY--PERSONAL NAME
Personal name Walley, F.
700 ## - ADDED ENTRY--PERSONAL NAME
Personal name Rose, G. M.
700 ## - ADDED ENTRY--PERSONAL NAME
Personal name Allen, W.
700 ## - ADDED ENTRY--PERSONAL NAME
Personal name Heyman, J.
700 ## - ADDED ENTRY--PERSONAL NAME
Personal name Rhodes, P. S.
700 ## - ADDED ENTRY--PERSONAL NAME
Personal name Millington, G. S.
700 ## - ADDED ENTRY--PERSONAL NAME
Personal name Kingsman, C.
700 ## - ADDED ENTRY--PERSONAL NAME
Personal name Murta, K. H.
700 ## - ADDED ENTRY--PERSONAL NAME
Personal name Kelly, R. T.
700 ## - ADDED ENTRY--PERSONAL NAME
Personal name Quinn, K. N.
700 ## - ADDED ENTRY--PERSONAL NAME
Personal name Holland, R.
700 ## - ADDED ENTRY--PERSONAL NAME
Personal name Reid, W. M.
700 ## - ADDED ENTRY--PERSONAL NAME
Personal name Hewlett, P. C.
700 ## - ADDED ENTRY--PERSONAL NAME
Personal name Hurley, S. A.
700 ## - ADDED ENTRY--PERSONAL NAME
Personal name Cusens, A. R.
700 ## - ADDED ENTRY--PERSONAL NAME
Personal name Treadaway, K. W. J.
700 ## - ADDED ENTRY--PERSONAL NAME
Personal name Somerville, G.
700 ## - ADDED ENTRY--PERSONAL NAME
Personal name Taylor, J. C.
700 ## - ADDED ENTRY--PERSONAL NAME
Personal name Carruthers, J. F. S
942 ## - ADDED ENTRY ELEMENTS (KOHA)
Suppress in OPAC 0
948 ## - LOCAL PROCESSING INFORMATION (OCLC); SERIES PART DESIGNATOR (RLIN)
c (OCLC) 04/03/1997
Holdings
Withdrawn status Lost status Source of classification or shelving scheme Damaged status Not for loan Home library Current library Shelving location Date acquired Cost, normal purchase price Total Checkouts Full call number Barcode Date last seen Copy number Cost, replacement price Price effective from Koha item type
    Dewey Decimal Classification     London London Books 14/09/1999 16.00   624.171 DES 30018836 06/08/2019 1 16.00 06/08/2019 Book